Myelogenetische Untersuchungen über den Kleinhirnanteil der Pyramidenbahn
Elmentve itt :
| Szerző: | |
|---|---|
| Dokumentumtípus: | Cikk |
| Megjelent: |
1932
|
| Sorozat: | Kolligátum
|
| Kulcsszavak: | Nuerológia |
| Online Access: | http://misc.bibl.u-szeged.hu/25199 |
| LEADER | 00562nab a2200169 i 4500 | ||
|---|---|---|---|
| 001 | misc25199 | ||
| 005 | 20191111110500.0 | ||
| 008 | 171019s1932 hu o 0|| ger d | ||
| 040 | |a SZTE Miscellanea Repozitórium |b hun | ||
| 041 | |a ger | ||
| 100 | 1 | |a Hechst Béla | |
| 245 | 1 | 0 | |a Myelogenetische Untersuchungen über den Kleinhirnanteil der Pyramidenbahn |h [elektronikus dokumentum] / |c Hechst Béla |
| 260 | |c 1932 | ||
| 300 | |a 387-396 | ||
| 490 | 0 | |a Kolligátum | |
| 695 | |a Nuerológia | ||
| 856 | 4 | 0 | |u http://misc.bibl.u-szeged.hu/25199/1/015_022_387-396.pdf |z Dokumentum-elérés |